00000000cas 2200000zi 4500
0019.960229
003CaOODSP
00520260529095530
006m     o  d f      
007cr cn ||||||||
008260220c20219999oncar p o    f0   a0eng|d
022 |a3111-153X
040 |aCaOODSP|beng|erda|cCaOODSP
043 |an-cn---
0861 |aCi1-27/1E-PDF
1101 |aCanada. |bImmigration, Refugees and Citizenship Canada, |eauthor, |eissuing body.
222 0|aImmigration, Refugees and Citizenship Canada’s Departmental Plan... Supplementary information tables
24510|aSupplementary information tables : |cImmigration, Refugees and Citizenship Canada's ... departmental plan.
264 1|aOttawa, ON, Canada : |bImmigration, Refugees and Citizenship Canada = Immigration, réfugiés et citoyenneté Canada, |c[2021]-
310 |aAnnual
336 |atext|btxt|2rdacontent
337 |acomputer|bc|2rdamedia
338 |aonline resource|bcr|2rdacarrier
3621 |aBegan with: 2021/2022.
500 |aIssued also in French under title:
588 |aDescription based on: 2021/2022; title from PDF cover page.
588 |aLatest issue consulted: 2026/2027.
61010|aCanada. |bImmigration, Refugees and Citizenship Canada|xAppropriations and expenditures|vPeriodicals.
651 0|aCanada|xEmigration and immigration|xGovernment policy|vPeriodicals.
655 7|aPeriodicals|2lcgft
77508|tTableaux de renseignements supplémentaires : |w(CaOODSP)9.960230